Statistics for 10 Easternmost and Westernmost Large Cities (with a map)

Click here to take the quiz!

General Stats

  • This quiz has been taken 1,572 times
  • The average score is 16 of 20

Answers on the Map

Answers color-coded by a green-red scale on the quiz's map according to % correct below.
Loading ...
 

Answer Stats

TypeLongitudeCity% Correct
Easternmost139°42′ETokyo
98%
Westernmost118°15′WLos Angeles
97%
Westernmost122°25′WSan Francisco
95%
Easternmost151°13′ESydney
95%
Westernmost157°50′WHonolulu
93%
Westernmost122°20′WSeattle
92%
Easternmost144°58′EMelbourne
89%
Westernmost123°06′WVancouver
89%
Westernmost117°10′WSan Diego
87%
Easternmost174°44′EAuckland
86%
Westernmost115°08′WLas Vegas
85%
Easternmost135°30′EOsaka
85%
Westernmost122°41′WPortland
80%
Easternmost153°02′EBrisbane
77%
Westernmost121°28′WSacramento
71%
Easternmost138°36′EAdelaide
69%
Westernmost114°04′WCalgary
66%
Easternmost141°21′ESapporo
58%
Easternmost136°54′ENagoya
53%
Easternmost140°52′ESendai
22%

Score Distribution

Percentile by Number Answered

Percent of People with Each Score

Your Score History

You have not taken this quiz